| 000 | 00762nam a2200229 i 4500 | ||
|---|---|---|---|
| 001 | 106851 | ||
| 003 | ES-MaACL | ||
| 005 | 20230906184306.0 | ||
| 007 | t| | ||
| 008 | 070105s1991 be ||||1| fre d | ||
| 020 | _a2-8040-0637-9 | ||
| 080 | _a821.133.1(493)-22"19" | ||
| 100 | 1 |
_aFonson, Frantz. _951534 |
|
| 245 | 1 | 3 |
_aLe mariage de mademosille Beulemans _b: comédie en trois actes / _cFrantz Fonson, Fernand Wicheler ; préface de José Géal ; lecture de Paul Emond. |
| 260 |
_aBruxelles : _bLabor, _c[1991] |
||
| 300 |
_a215 p. ; _c18 cm. |
||
| 500 | _aBiblioteca Jacinto Martínez Lacalle. | ||
| 700 | 1 |
_aWicheler, Fernand. _9116735 |
|
| 700 | 1 |
_aGéal, José. _956180 |
|
| 700 | 1 |
_aEmond, Paul. _947161 |
|
| 852 |
_aES-MaACL _jE-11497 _bR.139564 |
||
| 999 |
_c106851 _d106851 |
||